Como se vive depois de morrer (Registo nº 19908)

Detalhes MARC
000 -Etiqueta do registo
Valores 00580nam a22001691i 4500
090 ## -
-- 19908
010 ## - Número ISBN
ISBN 9789898206145
100 ## - Dados gerais de processamento
Dados gerais 20170304u u u0frey50 ba
101 0# - Língua de publicação
-- por
200 1# - Titulo e menção de responsabilidade
Primeira menção de responsabilidade Concetta Bertoldi
Título próprio Como se vive depois de morrer
Informação de outro título e outras perguntas que há muito deseja fazer a um médium
215 ## - Descrição física 
Paginação / Volumes 289, [1] p.
Dimensões 23 cm
210 ## - Publicação
Nome do editor Estrela Polar
Local de publicação Alfragide
Data de publicação 2009
702 #1 - Autor secundário (pessoa individual)
Apelido Guimarães
Nome Irene
-- 730
700 #1 - Autor principal (pessoa individual)
Apelido Bertoldi
Nome Concetta
-- 070
996 ## - ISO2709
-- 0027348
-- BER
-- 00000000
-- 00000000
-- BMVAAL
-- 3
-- Alcáçovas
-- Esoterismo
-- 80
-- Livro
-- 0
-- 1
990 ## - Elementos KOHA
Tipo de documento Livro
Exemplares
Situação do levantamento Estado Biblioteca de origem Biblioteca de empréstimo Código de barras Cota Permissão de empréstimo Tipo de documento
  Completo Biblioteca Municipal de Viana Do Alentejo Biblioteca Municipal de Viana Do Alentejo Pólo Alcáçovas 0019000 13 BER Disponível Livro




Powered by Koha